00530 2200169 4500245006200000020002200062250001100084100001900095650002300114005001900137260003700156041001400193084000800207500010100215490003500316336000900351 aGunung Api dan Gempa Bumi Volume 15cA. Ari DartoyohText a978-602-7706-15-6 aCet. 1 aA. Ari Dartoyo aEnsiklopedia Sains a20231108104136 aJakartabIndonesia Printerc2012 aIndonesia a503 aDaftar Isi : Terus Bergerak, Gunung Api, Studi dan Pencegahan, Gempa Bumi, Studi dan Pencegahan. aEnsiklopedia Sains Spektakuler atext